[Event "Platja d'Aro op 9th"]
[Site "Platja d'Aro"]
[Date "2022.12.30"]
[Round "8"]
[White "Pereira Garcia, Josep Ramon"]
[Black "Lunin Bohomolets, Iliia"]
[Result "0-1"]
[WhiteElo "1551"]
[BlackElo "1619"]
[PlyCount "48"]
[EventDate "2022.12.26"]
[EventType "swiss"]
[EventRounds "9"]
[EventCountry "ESP"]
[SourceTitle "CBM 211 Extra"]
[Source "ChessBase"]
[SourceDate "2023.01.31"]
[SourceVersion "1"]
[SourceVersionDate "2023.01.31"]
[SourceQuality "1"]

1. e4 c5 2. d4 cxd4 3. c3 e6 4. cxd4 Nf6 5. Nc3 Bb4 6. Bd3 Nc6 7. Nf3 0-0 8. Bd2 a6 9. a3 Be7 10. e5 Ne8 11. d5 exd5 12. Nxd5 d6 13. exd6 Bxd6 14. Bc4 Ne5 15. Nxe5 Bxe5 16. Nc3 Nd6 17. Be2 Nf5 18. 0-0 Nd4 19. Bc4 Qc7 20. Ba2 b5 21. Nd5 Qd6 22. Bb4 Bxh2+ 23. Kh1 Qh6 24. Bxf8 Bg3+ 0-1

[Event "Platja d'Aro op 9th"]
[Site "Platja d'Aro"]
[Date "2022.12.30"]
[Round "9"]
[White "Vinolas Puig, Joan"]
[Black "Pereira Garcia, Josep Ramon"]
[Result "1-0"]
[WhiteElo "1506"]
[BlackElo "1551"]
[PlyCount "71"]
[EventDate "2022.12.26"]
[EventType "swiss"]
[EventRounds "9"]
[EventCountry "ESP"]
[SourceTitle "CBM 211 Extra"]
[Source "ChessBase"]
[SourceDate "2023.01.31"]
[SourceVersion "1"]
[SourceVersionDate "2023.01.31"]
[SourceQuality "1"]

1. Nf3 Nc6 2. d4 d5 3. g3 e6 4. Bg2 b6 5. c4 Bb4+ 6. Bd2 Bxd2+ 7. Qxd2 Nf6 8. cxd5 exd5 9. Nc3 0-0 10. Rc1 Na5 11. Ne5 Bb7 12. 0-0 Qd6 13. Nb5 Qd8 14. Nxc7 Rc8 15. Nb5 a6 16. Rxc8 Bxc8 17. Nc3 Nc4 18. Nxc4 dxc4 19. e4 Bb7 20. d5 Re8 21. Re1 Ng4 22. Qd4 Ne5 23. f4 Nd3 24. Re2 b5 25. b3 Qc8 26. bxc4 bxc4 27. Nd1 Qg4 28. Rd2 Qc8 29. Ne3 c3 30. Rc2 Ne1 31. Nf5 f6 32. Rxc3 Qd8 33. Rc1 Nxg2 34. Kxg2 Rxe4 35. Qxe4 Bxd5 36. Ne7+ 1-0

[Event "Platja d'Aro op 9th"]
[Site "Platja d'Aro"]
[Date "2022.12.28"]
[Round "4"]
[White "Pereira Garcia, Josep Ramon"]
[Black "Shmaenok, Maria"]
[Result "1-0"]
[WhiteElo "1551"]
[BlackElo "1551"]
[PlyCount "99"]
[EventDate "2022.12.26"]
[EventType "swiss"]
[EventRounds "9"]
[EventCountry "ESP"]
[SourceTitle "CBM 211 Extra"]
[Source "ChessBase"]
[SourceDate "2023.01.31"]
[SourceVersion "1"]
[SourceVersionDate "2023.01.31"]
[SourceQuality "1"]

1. e4 c6 2. Nc3 d5 3. Nf3 dxe4 4. Nxe4 Bf5 5. Ng3 Bg6 6. Ne5 Nf6 7. h4 h5 8. Nxg6 fxg6 9. d4 Nbd7 10. Bd3 Qc7 11. Bxg6+ Kd8 12. Qf3 Qd6 13. Be3 e5 14. 0-0-0 Qd5 15. Qxd5 Nxd5 16. Bg5+ Kc7 17. dxe5 Nxe5 18. Be4 Nf6 19. Bf5 Be7 20. Rhe1 Bd6 21. Bxf6 gxf6 22. f4 Ng4 23. Rd4 Rad8 24. Re6 c5 25. Rde4 Nf2 26. Rxd6 Rxd6 27. Re1 Rhd8 28. Re7+ Kb8 29. b3 Rd1+ 30. Kb2 a6 31. Nxh5 R8d2 32. Nxf6 Ka7 33. g4 Rh1 34. h5 Rdd1 35. g5 Rb1+ 36. Ka3 a5 37. g6 Ka6 38. g7 Rhg1 39. g8Q Rxg8 40. Nxg8 b5 41. Bc8+ Kb6 42. Rb7+ Kc6 43. Ne7+ Kd6 44. Nf5+ Kd5 45. Rxb5 Ke4 46. Rxc5 Kxf4 47. Rxa5 Ne4 48. Ra4 Kf3 49. Bb7 Re1 50. Nd6 1-0

[Event "Figueres Nadal op 9th"]
[Site "Figueres"]
[Date "2020.01.05"]
[Round "8"]
[White "Pereira Garcia, Josep Ramon"]
[Black "Blanco Esquena, Ramon"]
[Result "0-1"]
[WhiteElo "1586"]
[BlackElo "1710"]
[PlyCount "102"]
[EventDate "2020.01.02"]
[EventType "swiss"]
[EventRounds "8"]
[EventCountry "ESP"]
[SourceTitle "CBM 194 Extra"]
[Source "ChessBase"]
[SourceDate "2020.03.31"]
[SourceVersion "1"]
[SourceVersionDate "2020.03.31"]
[SourceQuality "1"]

1. d4 d6 2. Bf4 Nf6 3. e3 g6 4. Nd2 Bg7 5. h3 0-0 6. Ngf3 Re8 7. Be2 Nbd7 8. 0-0 e5 9. dxe5 dxe5 10. Bh2 c6 11. e4 a5 12. c3 a4 13. Qc2 b5 14. Rad1 Qb6 15. a3 Bb7 16. Ne1 Rad8 17. Kh1 Nc5 18. f3 Nh5 19. Nd3 Nxd3 20. Bxd3 Qe3 21. Nb1 Bh6 22. Rfe1 Qb6 23. c4 Nf4 24. cxb5 cxb5 25. Bf1 Rc8 26. Nc3 Qa5 27. g3 Ne6 28. Bg1 Bg7 29. Qf2 Nd4 30. Qg2 b4 31. axb4 Qxb4 32. Ra1 Ra8 33. Na2 Qb3 34. Bxd4 exd4 35. Nc1 Qb4 36. Nd3 Qb6 37. Rec1 f5 38. exf5 Re3 39. Be2 Rae8 40. Re1 gxf5 41. Qf1 Qb3 42. Kg1 Ba6 43. Nc5 Bxe2 44. Rxe2 Qd5 45. Rxe3 dxe3 46. Qb5 Rc8 47. Rc1 Bd4 48. Qxa4 e2+ 49. Kg2 Bxc5 50. h4 e1Q 51. Rxe1 Qd2+ 0-1

[Event "Figueres Nadal op 9th"]
[Site "Figueres"]
[Date "2020.01.03"]
[Round "3"]
[White "Casado Graboleda, Jokin"]
[Black "Pereira Garcia, Josep Ramon"]
[Result "0-1"]
[WhiteElo "1237"]
[BlackElo "1586"]
[PlyCount "98"]
[EventDate "2020.01.02"]
[EventType "swiss"]
[EventRounds "8"]
[EventCountry "ESP"]
[SourceTitle "CBM 194 Extra"]
[Source "ChessBase"]
[SourceDate "2020.03.31"]
[SourceVersion "1"]
[SourceVersionDate "2020.03.31"]
[SourceQuality "1"]

1. e4 c6 2. d4 d5 3. e5 c5 4. Be3 cxd4 5. Bxd4 Bf5 6. Nc3 e6 7. Nf3 Nc6 8. Bd3 Bxd3 9. Qxd3 Bb4 10. a3 Ba5 11. 0-0 a6 12. Bc5 Nge7 13. Rfd1 Bc7 14. Qe2 b6 15. Bd4 0-0 16. Qe3 Nf5 17. Qd3 Nfxd4 18. Nxd4 Nxe5 19. Qe2 Qh4 20. h3 Qf4 21. Qe3 Qxe3 22. fxe3 Nc4 23. b3 Nxe3 24. Rd3 e5 25. Nc6 d4 26. Ne7+ Kh8 27. Ncd5 Nxd5 28. Nxd5 Bd8 29. Re1 f6 30. g4 Rc8 31. Re2 a5 32. a4 Rc5 33. c4 dxc3 34. Nxc3 Bc7 35. Nb5 Bb8 36. Red2 Rc1+ 37. Kg2 h6 38. Rd7 Kh7 39. Na3 Rc3 40. Rd8 Rc8 41. R8d3 Rc6 42. Rd8 Rc8 43. R8d3 e4 44. Rd4 Rc3 45. Rxe4 Rg3+ 46. Kf2 Rxh3 47. Re3 Rh2+ 48. Ke1 Rxd2 49. Kxd2 Bf4 0-1

[Event "Girona Gerunda Sarria Ter4th"]
[Site "Girona"]
[Date "2019.05.10"]
[Round "6.7"]
[White "Pereira Garcia, Josep Ramon"]
[Black "Parramon Ros, Francesco"]
[Result "0-1"]
[WhiteElo "1625"]
[BlackElo "2077"]
[PlyCount "48"]
[EventDate "2019.03.29"]
[EventType "swiss"]
[EventRounds "9"]
[EventCountry "ESP"]
[SourceTitle "EXT 2024"]
[Source "ChessBase"]
[SourceDate "2023.10.10"]
[SourceVersion "1"]
[SourceVersionDate "2023.10.10"]
[SourceQuality "1"]

1. d4 Nf6 2. Nf3 g6 3. e3 Bg7 4. Bd3 d6 5. Nbd2 0-0 6. 0-0 Nc6 7. c3 e5 8. e4 Nh5 9. d5 Ne7 10. h3 Nf4 11. Bc2 h6 12. Kh2 g5 13. Ng1 g4 14. hxg4 Neg6 15. g3 Qg5 16. f3 h5 17. gxf4 Qh4+ 18. Nh3 Nxf4 19. Rf2 Nxh3 20. Qf1 hxg4 21. Rg2 Nf4+ 22. Kg1 g3 23. Qe1 Nxg2 24. Kxg2 Qh2+ 0-1

[Event "Figueres op 8th"]
[Site "Figueres"]
[Date "2018.12.29"]
[Round "5.9"]
[White "Pereira Garcia, Josep Ramon"]
[Black "Verdaguer Planella, Pol"]
[Result "1-0"]
[WhiteElo "1628"]
[BlackElo "1431"]
[PlyCount "129"]
[EventDate "2018.12.27"]
[EventType "swiss"]
[EventRounds "8"]
[EventCountry "ESP"]
[SourceTitle "EXT 2024"]
[Source "ChessBase"]
[SourceDate "2023.10.10"]
[SourceVersion "1"]
[SourceVersionDate "2023.10.10"]
[SourceQuality "1"]

1. d4 d5 2. c4 e6 3. Nc3 Nf6 4. Nf3 c6 5. e3 Nbd7 6. a3 Bd6 7. Bd2 0-0 8. cxd5 exd5 9. Bd3 b6 10. b4 Bb7 11. Rc1 c5 12. bxc5 bxc5 13. Nb5 Ba6 14. Nxd6 Bxd3 15. dxc5 Nxc5 16. Bb4 Nb3 17. Qxb3 Bg6 18. 0-0 Rb8 19. Rc6 a5 20. Rfc1 axb4 21. axb4 h6 22. Nd4 Rb6 23. N4b5 Rxc6 24. Rxc6 Qa8 25. Rc1 Ne4 26. Nxe4 Bxe4 27. f3 Bf5 28. Nc7 Qc8 29. Qxd5 Be6 30. Qc5 Rd8 31. Nxe6 Qxe6 32. e4 Qf6 33. b5 Rd2 34. Qc8+ Kh7 35. Qf5+ Qxf5 36. exf5 Rb2 37. Rc5 h5 38. h3 g6 39. fxg6+ fxg6 40. Kh2 Kh6 41. Kg3 Rb4 42. f4 Kg7 43. Kf3 Kf6 44. Ke3 Ke6 45. Rc6+ Kf5 46. Rc5+ Ke6 47. Kd3 Kf6 48. Kc3 Rb1 49. Kd4 Ke6 50. Rc6+ Kf5 51. Kc5 Rc1+ 52. Kb6 Rb1 53. Rc5+ Kxf4 54. Kc7 Kg3 55. b6 Kxg2 56. Rc3 Rf1 57. b7 Rf7+ 58. Kb8 h4 59. Ka8 Rf8+ 60. b8Q Rxb8+ 61. Kxb8 g5 62. Kc7 Kf2 63. Kd6 Kg2 64. Ke5 Kh2 65. Kf5 1-0

[Event "Figueres op 8th"]
[Site "Figueres"]
[Date "2018.12.28"]
[Round "3.9"]
[White "Roura Cortada, Pep"]
[Black "Pereira Garcia, Josep Ramon"]
[Result "0-1"]
[WhiteElo "1575"]
[BlackElo "1628"]
[PlyCount "108"]
[EventDate "2018.12.27"]
[EventType "swiss"]
[EventRounds "8"]
[EventCountry "ESP"]
[SourceTitle "EXT 2024"]
[Source "ChessBase"]
[SourceDate "2023.10.10"]
[SourceVersion "1"]
[SourceVersionDate "2023.10.10"]
[SourceQuality "1"]

1. e4 c6 2. d4 d5 3. e5 Bf5 4. Nf3 e6 5. Nc3 c5 6. Be3 cxd4 7. Bxd4 a6 8. Na4 Nd7 9. Bd3 Bxd3 10. Qxd3 Rc8 11. Qb3 b5 12. Nc3 Ne7 13. a4 bxa4 14. Rxa4 Nf5 15. Ba7 Bc5 16. Rxa6 0-0 17. 0-0 Qc7 18. Rfa1 Ra8 19. Nb5 Qb7 20. Qa4 Bxa7 21. Rxa7 Rxa7 22. Nxa7 Qxb2 23. g4 Nh6 24. g5 Nf5 25. Re1 Nc5 26. Qa1 Qb4 27. h3 Nh4 28. Re3 Nxf3+ 29. Rxf3 Qh4 30. Kg2 Qxg5+ 31. Rg3 Qd2 32. Qb2 Ne4 33. Rf3 Qg5+ 34. Kf1 Nd2+ 35. Ke2 Nxf3 36. Kxf3 f6 37. exf6 Rxf6+ 38. Ke2 Qh5+ 39. Kd3 Qxh3+ 40. Kd4 Qh4+ 41. Kc5 Qc4+ 42. Kd6 Qa6+ 43. Nc6 e5+ 44. Ke7 Rxc6 45. Qb8+ Rc8 46. Qxe5 Qf6+ 47. Qxf6 gxf6 48. Kxf6 Rxc2 49. f4 d4 50. f5 d3 51. Ke7 Rf2 52. f6 d2 53. f7+ Rxf7+ 54. Ke6 d1Q 0-1

[Event "Figueres op 8th"]
[Site "Figueres"]
[Date "2018.12.27"]
[Round "2.7"]
[White "Pereira Garcia, Josep Ramon"]
[Black "Roqueta Maffei, Oscar Nahuel"]
[Result "1/2-1/2"]
[WhiteElo "1628"]
[BlackElo "1400"]
[PlyCount "58"]
[EventDate "2018.12.27"]
[EventType "swiss"]
[EventRounds "8"]
[EventCountry "ESP"]
[SourceTitle "EXT 2024"]
[Source "ChessBase"]
[SourceDate "2023.10.10"]
[SourceVersion "1"]
[SourceVersionDate "2023.10.10"]
[SourceQuality "1"]

1. d4 e6 2. c4 Nf6 3. Nc3 d5 4. Bg5 Be7 5. e3 Nbd7 6. Nf3 0-0 7. Bd3 dxc4 8. Bxc4 c5 9. 0-0 cxd4 10. Nxd4 Ne5 11. Bb3 Ng6 12. Bc2 Qa5 13. h4 h6 14. Bxf6 Bxf6 15. g3 e5 16. Nb3 Qc7 17. Ne4 Be7 18. Rc1 Rd8 19. Qe2 Qd7 20. Rfd1 Qh3 21. Rxd8+ Bxd8 22. Nd6 Bg4 23. Qf1 Qxf1+ 24. Kxf1 b6 25. Be4 Rb8 26. Bd5 Be6 27. Bxe6 fxe6 28. Nb5 a6 29. Nd6 Be7 1/2-1/2

[Event "Gerunda op 3rd"]
[Site "Gerunda"]
[Date "2018.04.27"]
[Round "4"]
[White "Pereira Garcia, Josep Ramon"]
[Black "Alejo Alvarez, Ricardo"]
[Result "0-1"]
[WhiteElo "1692"]
[BlackElo "1960"]
[PlyCount "82"]
[EventDate "2018.04.06"]
[EventType "swiss"]
[EventRounds "9"]
[EventCountry "ESP"]
[SourceTitle "CBM 184 Extra"]
[Source "ChessBase"]
[SourceDate "2018.06.28"]
[SourceVersion "1"]
[SourceVersionDate "2018.06.28"]
[SourceQuality "1"]

1. e4 e5 2. f4 exf4 3. Bc4 d5 4. exd5 Qh4+ 5. Kf1 f3 6. Bb5+ c6 7. Nxf3 Qb4 8. Qe2+ Be7 9. dxc6 bxc6 10. Bc4 Nf6 11. c3 Qd6 12. b3 0-0 13. Ba3 c5 14. d4 Nbd7 15. dxc5 Nxc5 16. Nbd2 Bb7 17. Qe5 Ng4 18. Qxd6 Bxd6 19. Re1 Rfe8 20. b4 Rxe1+ 21. Kxe1 Re8+ 22. Kf1 Ne3+ 23. Kg1 Ne4 24. Nxe4 Bxe4 25. Be2 a5 26. Bc1 axb4 27. cxb4 Bxb4 28. Bxe3 Bxf3 29. Bxf3 Rxe3 30. Kf2 Bc5 31. Kg3 g5 32. Kg4 h6 33. Rf1 Kg7 34. h4 Re5 35. hxg5 hxg5 36. Kh3 f5 37. Kh2 g4 38. Bd1 Bd6 39. Kh1 g3 40. Bf3 Re6 41. a4 Rh6+ 0-1

[Event "Palafrugell Gelpi Memorial 30th"]
[Site "Palafrugell"]
[Date "2017.10.14"]
[Round "4"]
[White "Pereira Garcia, Josep Ramon"]
[Black "Dilme Bosch, Enric"]
[Result "1/2-1/2"]
[WhiteElo "1688"]
[BlackElo "1957"]
[PlyCount "67"]
[EventDate "2017.09.23"]
[EventType "swiss"]
[EventRounds "9"]
[EventCountry "ESP"]
[SourceTitle "CBM 187 Extra"]
[Source "ChessBase"]
[SourceDate "2018.11.04"]
[SourceVersion "1"]
[SourceVersionDate "2018.11.04"]
[SourceQuality "1"]

1. e4 d6 2. d4 Nf6 3. Nc3 g6 4. Nf3 Bg7 5. Bg5 h6 6. Be3 0-0 7. h3 c6 8. Qd2 Kh7 9. g4 Ng8 10. Bd3 b5 11. e5 dxe5 12. Nxe5 Bb7 13. Ne4 c5 14. f3 c4 15. Be2 Bxe4 16. fxe4 Bxe5 17. dxe5 Qxd2+ 18. Bxd2 Nc6 19. Bf4 Nd4 20. Bd1 Rfd8 21. c3 Ne6 22. Be3 Rdc8 23. Rf1 Kg7 24. Bc2 Rd8 25. Rf2 f6 26. exf6+ exf6 27. b3 Ne7 28. Ke2 Nc6 29. Raf1 Rf8 30. bxc4 bxc4 31. Rb1 Rab8 32. Rff1 a6 33. Ba4 Ne5 34. Bc2 1/2-1/2

[Event "Girona Pont Major op 2nd"]
[Site "Girona"]
[Date "2017.05.12"]
[Round "4"]
[White "Pereira Garcia, Josep Ramon"]
[Black "Carrasco Holgado, David"]
[Result "0-1"]
[WhiteElo "1668"]
[BlackElo "2050"]
[PlyCount "75"]
[EventDate "2017.04.21"]
[EventType "swiss"]
[EventRounds "8"]
[EventCountry "ESP"]
[SourceTitle "CBM 187 Extra"]
[Source "ChessBase"]
[SourceDate "2018.11.04"]
[SourceVersion "1"]
[SourceVersionDate "2018.11.04"]
[SourceQuality "1"]

1. e4 c5 2. Nf3 e6 3. c3 d5 4. exd5 exd5 5. d4 cxd4 6. Nxd4 Nf6 7. Bd3 Nc6 8. Be3 Bd6 9. h3 0-0 10. 0-0 Ne5 11. Bc2 Nc4 12. Qc1 Nxe3 13. Qxe3 Re8 14. Qc1 Ne4 15. Re1 Qh4 16. Bxe4 dxe4 17. Nf3 Qf6 18. Nbd2 Bf5 19. Nd4 Bg6 20. Nc4 Bc5 21. Qe3 Rad8 22. Rad1 Qa6 23. Qe2 h6 24. a3 Qf6 25. Nb3 Bf8 26. Rxd8 Rxd8 27. Rd1 b5 28. Rxd8 Qxd8 29. Ncd2 a6 30. Nd4 Qd5 31. N2b3 Bd6 32. Qe3 Qe5 33. g3 Qh5 34. Kg2 f5 35. Kh2 Bf7 36. f3 exf3 37. Qxf3 Qxf3 38. Nxf3 0-1

[Event "Pont Major Gerunda op 1st"]
[Site "Pont Major"]
[Date "2016.04.08"]
[Round "1"]
[White "Pereira Garcia, Josep Ramon"]
[Black "Salagran Ferragut, Guillem"]
[Result "0-1"]
[WhiteElo "1593"]
[BlackElo "2247"]
[PlyCount "36"]
[EventDate "2016.04.08"]
[EventType "swiss"]
[EventRounds "9"]
[EventCountry "ESP"]
[SourceTitle "EXT 2017"]
[Source "ChessBase"]
[SourceDate "2016.10.25"]
[SourceVersion "1"]
[SourceVersionDate "2016.10.25"]
[SourceQuality "1"]

1. e4 e6 2. d4 d5 3. exd5 exd5 4. Nf3 Bd6 5. Bd3 Nc6 6. c3 Bg4 7. Nbd2 Nge7 8. Qc2 Qd7 9. 0-0 h6 10. Re1 0-0 11. a4 Rae8 12. Ne5 Bxe5 13. dxe5 Ng6 14. f3 Bh5 15. g4 Nh4 16. gxh5 Nxe5 17. Kf2 Qh3 18. Re3 Ng4+ 0-1

[Event "Barcelona Primavera La Lira op 9th"]
[Site "Barcelona"]
[Date "2016.04.07"]
[Round "1"]
[White "Pereira Garcia, Josep Ramon"]
[Black "Vallbona Domingo, Joan"]
[Result "0-1"]
[WhiteElo "1593"]
[BlackElo "1922"]
[PlyCount "70"]
[EventDate "2016.04.07"]
[EventType "swiss"]
[EventRounds "9"]
[EventCountry "ESP"]
[SourceTitle "CBM 172 Extra"]
[Source "ChessBase"]
[SourceDate "2016.06.21"]
[SourceVersion "1"]
[SourceVersionDate "2016.06.21"]
[SourceQuality "1"]

1. e4 c5 2. d4 cxd4 3. c3 Nf6 4. e5 Nd5 5. cxd4 e6 6. Bc4 Nb6 7. Bb3 d5 8. Nf3 Nc6 9. Bd2 a6 10. a3 Nc4 11. Bc3 b5 12. Nbd2 Rb8 13. Bc2 a5 14. Nxc4 dxc4 15. Be4 Bd7 16. b3 b4 17. axb4 axb4 18. Bd2 c3 19. Be3 Be7 20. Qd3 Na5 21. Qc2 Bb5 22. Rb1 h6 23. Bd3 Bxd3 24. Qxd3 Qd5 25. Qc2 0-0 26. 0-0 Ra8 27. Ne1 Nc6 28. Nf3 Ra3 29. Bc1 Ra6 30. Be3 Rfa8 31. Qc1 Bf8 32. Ne1 Nxd4 33. Bxd4 Qxd4 34. Nc2 Qxe5 35. Nxb4 Bxb4 0-1

[Event "Santa Eugenia op 10th"]
[Site "Santa Eugenia"]
[Date "2015.??.??"]
[Round "3"]
[White "Pereira Garcia, Josep Ramon"]
[Black "Delgado Rus, Juan Antonio"]
[Result "1-0"]
[WhiteElo "1839"]
[BlackElo "1906"]
[PlyCount "107"]
[EventDate "2015.04.17"]
[EventType "swiss"]
[EventRounds "9"]
[EventCountry "ESP"]
[SourceTitle "EXT 2016"]
[Source "ChessBase"]
[SourceDate "2015.10.08"]
[SourceVersion "1"]
[SourceVersionDate "2015.10.08"]
[SourceQuality "1"]

1. e4 c5 2. Nf3 d6 3. d4 cxd4 4. Nxd4 g6 5. Be3 Bg7 6. Nc3 a6 7. Qd2 Nf6 8. f3 Bd7 9. h4 h5 10. Be2 Nc6 11. 0-0-0 b5 12. Nxc6 Bxc6 13. g4 hxg4 14. fxg4 Nxe4 15. Nxe4 Bxe4 16. Rhf1 Rxh4 17. Bd4 Bh6 18. g5 Bf8 19. Rf2 Bf5 20. Rdf1 Rc8 21. c3 Qa5 22. Rxf5 gxf5 23. Kb1 e6 24. Bd1 Qc7 25. Qf2 Rh7 26. Qe3 Kd7 27. Bb3 Re8 28. a4 Qc6 29. a5 Qg2 30. Rc1 Rh3 31. Qe1 Qxg5 32. Ka2 d5 33. Rd1 Bd6 34. Ba7 Rh2 35. Be3 f4 36. Bg1 Rg2 37. Ba7 Rh8 38. Rd2 Rhh2 39. Bf2 Qh5 40. Bd1 Qf5 41. Bf3 Rg8 42. Qd1 Rc8 43. Qg1 Rh6 44. Bg4 Qe4 45. Rd4 Qg6 46. Rxd5 f5 47. Rxd6+ Kxd6 48. Qd1+ Ke7 49. Bf3 Rd8 50. Bc5+ Ke8 51. Bc6+ Kf7 52. Qxd8 Qg8 53. Qe7+ Kg6 54. Be8+ 1-0

[Event "Santa Eugenia op 10th"]
[Site "Santa Eugenia"]
[Date "2015.??.??"]
[Round "6"]
[White "Suita Garceso, Nemesi"]
[Black "Pereira Garcia, Josep Ramon"]
[Result "1-0"]
[WhiteElo "2155"]
[BlackElo "1839"]
[PlyCount "72"]
[EventDate "2015.04.17"]
[EventType "swiss"]
[EventRounds "9"]
[EventCountry "ESP"]
[SourceTitle "EXT 2016"]
[Source "ChessBase"]
[SourceDate "2015.10.08"]
[SourceVersion "1"]
[SourceVersionDate "2015.10.08"]
[SourceQuality "1"]

1. c4 e5 2. Nc3 Nf6 3. g3 Bb4 4. Bg2 c6 5. Nf3 d6 6. 0-0 Be6 7. d3 h6 8. Bd2 Qd7 9. a3 Bxc3 10. Bxc3 Bh3 11. c5 Bxg2 12. Kxg2 Nd5 13. cxd6 Nxc3 14. bxc3 Qxd6 15. Qa4 Nd7 16. Rab1 b6 17. Qg4 0-0 18. Nh4 Nf6 19. Qxg7+ Kxg7 20. Nf5+ Kh7 21. Nxd6 Rad8 22. Nf5 c5 23. Rfd1 Rg8 24. c4 Rd7 25. f3 h5 26. h4 Rgd8 27. Ne3 Ne8 28. a4 Kg6 29. a5 bxa5 30. Rb5 f5 31. Rxc5 f4 32. gxf4 exf4 33. Rg5+ Kf6 34. Nd5+ Ke6 35. Nxf4+ Kf6 36. Nxh5+ Ke6 1-0

[Event "Santa Eugenia op 7th"]
[Site "Santa Eugenia"]
[Date "2013.03.01"]
[Round "8"]
[White "Pereira Garcia, Josep Ramon"]
[Black "Garcia Castany, Jose"]
[Result "1/2-1/2"]
[WhiteElo "1627"]
[BlackElo "1440"]
[PlyCount "70"]
[EventDate "2013.01.11"]
[EventType "swiss"]
[EventRounds "9"]
[EventCountry "ESP"]
[SourceTitle "EXT 2014"]
[Source "ChessBase"]
[SourceDate "2013.11.20"]
[SourceVersion "1"]
[SourceVersionDate "2013.11.20"]
[SourceQuality "1"]

1. e4 c5 2. Nf3 d6 3. d4 cxd4 4. Nxd4 Nf6 5. Nc3 a6 6. Bd3 e6 7. f3 Be7 8. Be3 Qc7 9. Qd2 Nbd7 10. 0-0-0 Nc5 11. Be2 b5 12. a3 Bb7 13. g4 g6 14. g5 Nh5 15. f4 Ng7 16. h4 0-0-0 17. Bf3 f5 18. exf5 Bxf3 19. Nxf3 gxf5 20. h5 Ne4 21. Nxe4 fxe4 22. Nd4 Qc4 23. Nb3 Kb8 24. Kb1 Rc8 25. Rc1 Nf5 26. Bf2 d5 27. Rh3 b4 28. Na5 Qb5 29. Nb3 bxa3 30. Rd1 axb2 31. Bd4 Rhe8 32. Be5+ Ka8 33. Bxb2 Bb4 34. Qc1 Rc6 35. Ka1 Qe2 1/2-1/2

[Event "Santa Eugenia op 7th"]
[Site "Santa Eugenia"]
[Date "2013.02.01"]
[Round "4"]
[White "Gala Martinez, Victor"]
[Black "Pereira Garcia, Josep Ramon"]
[Result "1-0"]
[WhiteElo "1450"]
[BlackElo "1627"]
[PlyCount "59"]
[EventDate "2013.01.11"]
[EventType "swiss"]
[EventRounds "9"]
[EventCountry "ESP"]
[SourceTitle "EXT 2014"]
[Source "ChessBase"]
[SourceDate "2013.11.20"]
[SourceVersion "1"]
[SourceVersionDate "2013.11.20"]
[SourceQuality "1"]

1. d4 d5 2. Nf3 Nc6 3. Bf4 Bg4 4. e3 f6 5. Be2 e6 6. h3 Bh5 7. a3 Bd6 8. Bxd6 Qxd6 9. Nc3 a6 10. 0-0 Nge7 11. Qd2 h6 12. Rfe1 e5 13. dxe5 fxe5 14. Rad1 0-0-0 15. Nh2 Bxe2 16. Rxe2 g5 17. e4 d4 18. Nb1 Ng6 19. f3 Nf4 20. Rf2 h5 21. c3 Qe6 22. Qe1 Rhf8 23. cxd4 Nxd4 24. Nc3 g4 25. fxg4 hxg4 26. Nxg4 Nxh3+ 27. gxh3 Nf3+ 28. Rxf3 Rxf3 29. Rxd8+ Kxd8 30. Qd1+ 1-0